| 000 | 00602nam a22001697a 4500 | ||
|---|---|---|---|
| 003 | MACL | ||
| 005 | 20160722162035.0 | ||
| 008 | 160722b xxu||||| |||| 00| 0 eng d | ||
| 040 | _cMACL | ||
| 041 | _aHindi | ||
| 082 | _a415 KUM | ||
| 100 |
_aकुमार, हिमांशु _965032 |
||
| 245 |
_aहिन्दी की स्त्रीवाची तत्सम शब्दावली _cहिमांशु कुमार |
||
| 260 |
_aजयपुर _bरचना प्रकाशन _c2012 |
||
| 650 |
_aव्याकरण _950137 |
||
| 942 |
_2ddc _cHIN |
||
| 999 |
_c54723 _d54723 |
||